000 00503cam a22002171 4500
001 sa 66005635
003 DLC
005 20260227112250.0
008 891109s1965 ii a 000 0 beno
010 _asa 66005635
035 _a(OCoLC)20620802
040 _aDLC
_cWaU
_dDLC
042 _apremarc
050 0 0 _aPN6409.B4
_bI4
100 1 _aImam, Ibane.
245 1 0 _aBiśvera prabāda.
260 _c[1965]
300 _a279 p.
_billus.
_c22 cm.
500 _aIn Bengali.
650 0 _aProverbs.
999 _c70066
_d70066